Statistics for Regions of Continents *1

Click here to take the quiz!

General Stats

  • This quiz has been taken 593 times
  • The average score is 5 of 6

Answer Stats

RegionContinent% Correct
MesopotamiaAsia
93%
ScandinaviaEurope
92%
AmazoniaSouth America
92%
MaghrebAfrica
85%
New GuineaAustralia, Oceania
81%
Rocky MountainsNorth America
71%

Score Distribution

Percentile by Number Answered

Percent of People with Each Score

Your Score History

You have not taken this quiz